<?xml version="1.0" encoding="UTF-8"?>
<record
    xmlns:xsi="http://www.w3.org/2001/XMLSchema-instance"
    xsi:schemaLocation="http://www.loc.gov/MARC21/slim http://www.loc.gov/standards/marcxml/schema/MARC21slim.xsd"
    xmlns="http://www.loc.gov/MARC21/slim">

  <leader>02178nam a22002297a 4500</leader>
  <controlfield tag="001">6690</controlfield>
  <controlfield tag="003">FISKH</controlfield>
  <controlfield tag="005">20250521095440.0</controlfield>
  <controlfield tag="008">250521b        cb ||||| |||| 00| 0 eng d</controlfield>
  <datafield tag="040" ind1=" " ind2=" ">
    <subfield code="a">FISKH</subfield>
    <subfield code="b">khr</subfield>
    <subfield code="c">FISKH</subfield>
    <subfield code="d">FISKH</subfield>
  </datafield>
  <datafield tag="082" ind1=" " ind2=" ">
    <subfield code="a">400</subfield>
  </datafield>
  <datafield tag="100" ind1=" " ind2=" ">
    <subfield code="a">Someurn, Siv</subfield>
  </datafield>
  <datafield tag="245" ind1=" " ind2=" ">
    <subfield code="a">&#x1780;&#x17C6;&#x179A;&#x1784;&#x179F;&#x17BB;&#x1797;&#x17B6;&#x179F;&#x17B7;&#x178F;&#x1793;&#x17B7;&#x1784;&#x1796;&#x17B6;&#x1780;&#x17D2;&#x1799;&#x179F;&#x17D2;&#x179B;&#x17C4;&#x1780; &#x17A2;&#x1784;&#x17CB;&#x1782;&#x17D2;&#x179B;&#x17C1;&#x179F;-&#x1781;&#x17D2;&#x1798;&#x17C2;&#x179A; &#x17A2;&#x1798;&#x178A;&#x17C4;&#x1799;&#x1796;&#x17B6;&#x1780;&#x17D2;&#x1799;&#x1780;&#x17B6;&#x1796;&#x17D2;&#x1799;&#x200B; :</subfield>
    <subfield code="b">Proverb and slogan English-Khmer with verses / </subfield>
    <subfield code="c">&#x178A;&#x17C4;&#x1799; &#x179F;&#x17BB;&#x17B8;&#x179C; &#x179F;&#x17C6;&#x17A2;&#x17BF;&#x1793; </subfield>
  </datafield>
  <datafield tag="260" ind1=" " ind2=" ">
    <subfield code="a">&#x1797;&#x17D2;&#x1793;&#x17C6;&#x1796;&#x17C1;&#x1789; :</subfield>
    <subfield code="b">&#x179F;&#x17BB;&#x17B8;&#x179C; &#x179F;&#x17D2;&#x179A;&#x17B8;&#x1798;&#x17C9;&#x17C5; ,</subfield>
  </datafield>
  <datafield tag="300" ind1=" " ind2=" ">
    <subfield code="a">102 pages : </subfield>
    <subfield code="b">color illustrations ; </subfield>
    <subfield code="c">20 cm . </subfield>
  </datafield>
  <datafield tag="520" ind1=" " ind2=" ">
    <subfield code="a">&#x179F;&#x17C0;&#x179C;&#x1797;&#x17C5; "&#x1780;&#x17C6;&#x179A;&#x1784;&#x179F;&#x17BB;&#x1797;&#x17B6;&#x179F;&#x17B7;&#x178F; &#x1793;&#x17B7;&#x1784;&#x1796;&#x17B6;&#x1780;&#x17D2;&#x1799;&#x179F;&#x17D2;&#x179B;&#x17C4;&#x1780; &#x17A2;&#x1784;&#x17CB;&#x1782;&#x17D2;&#x179B;&#x17C1;&#x179F;-&#x1781;&#x17D2;&#x1798;&#x17C2;&#x179A; &#x17A2;&#x1798;&#x178A;&#x17C4;&#x1799;&#x1796;&#x17B6;&#x1780;&#x17D2;&#x1799;&#x1780;&#x17B6;&#x1796;&#x17D2;&#x1799;" &#x178A;&#x17C2;&#x179B;&#x179F;&#x179A;&#x179F;&#x17C1;&#x179A;&#x178A;&#x17C4;&#x1799;&#x179B;&#x17C4;&#x1780; &#x179F;&#x17BB;&#x17B8;&#x179C; &#x179F;&#x17C6;&#x17A2;&#x17BF;&#x1793; &#x1782;&#x17BA;&#x1787;&#x17B6;&#x1780;&#x17B6;&#x179A;&#x1794;&#x17D2;&#x179A;&#x1798;&#x17BC;&#x179B;&#x1795;&#x17D2;&#x178F;&#x17BB;&#x17C6;&#x179F;&#x17BB;&#x1797;&#x17B6;&#x179F;&#x17B7;&#x178F; &#x1793;&#x17B7;&#x1784;&#x1796;&#x17B6;&#x1780;&#x17D2;&#x1799;&#x179F;&#x17D2;&#x179B;&#x17C4;&#x1780;&#x1796;&#x17B8;&#x1797;&#x17B6;&#x179F;&#x17B6;&#x17A2;&#x1784;&#x17CB;&#x1782;&#x17D2;&#x179B;&#x17C1;&#x179F; &#x1793;&#x17B7;&#x1784;&#x1797;&#x17B6;&#x179F;&#x17B6;&#x1781;&#x17D2;&#x1798;&#x17C2;&#x179A; &#x178A;&#x17C2;&#x179B;&#x1798;&#x17B6;&#x1793;&#x1780;&#x17B6;&#x179A;&#x1794;&#x1780;&#x1794;&#x17D2;&#x179A;&#x17C2; &#x1793;&#x17B7;&#x1784;&#x1796;&#x1793;&#x17D2;&#x1799;&#x179B;&#x17CB;&#x1787;&#x17B6;&#x1797;&#x17B6;&#x179F;&#x17B6;&#x1781;&#x17D2;&#x1798;&#x17C2;&#x179A;&#x17D4; &#x179F;&#x17C0;&#x179C;&#x1797;&#x17C5;&#x1793;&#x17C1;&#x17C7;&#x1795;&#x17D2;&#x178F;&#x179B;&#x17CB;&#x17B1;&#x17D2;&#x1799;&#x17A2;&#x17D2;&#x1793;&#x1780;&#x17A2;&#x17B6;&#x1793;&#x1793;&#x17BC;&#x179C;&#x1780;&#x17B6;&#x179A;&#x1799;&#x179B;&#x17CB;&#x178A;&#x17B9;&#x1784;&#x1787;&#x17D2;&#x179A;&#x17C5;&#x1787;&#x17B6;&#x1784;&#x1796;&#x17B8;&#x179F;&#x17BB;&#x1797;&#x17B6;&#x179F;&#x17B7;&#x178F; &#x1793;&#x17B7;&#x1784;&#x1796;&#x17B6;&#x1780;&#x17D2;&#x1799;&#x179F;&#x17D2;&#x179B;&#x17C4;&#x1780;&#x1791;&#x17B6;&#x17C6;&#x1784;&#x1796;&#x17B8;&#x179A;&#x1797;&#x17B6;&#x179F;&#x17B6; &#x1793;&#x17B7;&#x1784;&#x1780;&#x17B6;&#x179A;&#x1794;&#x17D2;&#x179A;&#x17BE;&#x1794;&#x17D2;&#x179A;&#x17B6;&#x179F;&#x17CB;&#x1796;&#x17B6;&#x1780;&#x17D2;&#x1799;&#x1780;&#x17B6;&#x1796;&#x17D2;&#x1799;&#x1780;&#x17D2;&#x1793;&#x17BB;&#x1784;&#x179F;&#x1784;&#x17D2;&#x1782;&#x1798;&#x1781;&#x17D2;&#x1798;&#x17C2;&#x179A;&#x17D4;</subfield>
  </datafield>
  <datafield tag="520" ind1=" " ind2=" ">
    <subfield code="a">The book "Collection of Proverbs and Sayings: English&#x2013;Khmer with Poetic Expressions" written by Siv Sam Oeun is a compilation of proverbs and sayings from both English and Khmer languages, accompanied by Khmer translations and explanations. This book provides readers with a deeper understanding of proverbs and sayings in both languages, as well as the use of poetic expressions in Khmer society.</subfield>
  </datafield>
  <datafield tag="650" ind1=" " ind2=" ">
    <subfield code="a">&#x179F;&#x17BB;&#x1797;&#x17B6;&#x179F;&#x17B7;&#x178F;&#x1793;&#x17B7;&#x1784;&#x1796;&#x17B6;&#x1780;&#x17D2;&#x1799;&#x179F;&#x17D2;&#x179B;&#x17C4;&#x1780;</subfield>
  </datafield>
  <datafield tag="650" ind1=" " ind2=" ">
    <subfield code="a">Proverb and slogan </subfield>
  </datafield>
  <datafield tag="942" ind1=" " ind2=" ">
    <subfield code="2">ddc</subfield>
    <subfield code="c">KHB</subfield>
    <subfield code="n">0</subfield>
  </datafield>
  <datafield tag="999" ind1=" " ind2=" ">
    <subfield code="c">6690</subfield>
    <subfield code="d">6690</subfield>
  </datafield>
  <datafield tag="952" ind1=" " ind2=" ">
    <subfield code="0">0</subfield>
    <subfield code="1">0</subfield>
    <subfield code="2">ddc</subfield>
    <subfield code="4">0</subfield>
    <subfield code="7">0</subfield>
    <subfield code="8">Khmer-English Bilingual </subfield>
    <subfield code="a">002</subfield>
    <subfield code="b">002</subfield>
    <subfield code="c">SKB</subfield>
    <subfield code="d">2025-05-21</subfield>
    <subfield code="l">0</subfield>
    <subfield code="o">SOM 400</subfield>
    <subfield code="p">FISSE02331</subfield>
    <subfield code="r">2025-05-21 09:54:37</subfield>
    <subfield code="w">2025-05-21</subfield>
    <subfield code="y">KHB</subfield>
  </datafield>
</record>
